[Event "GRE-ch U18 Girls"]
[Site "Kalamata"]
[Date "2008.01.02"]
[Round "1"]
[White "Koutsogiannopoulou, Theodora"]
[Black "Xrisoglou, Sofia"]
[Result "1-0"]
[WhiteElo "1540"]
[BlackElo "1205"]
[PlyCount "103"]
[EventDate "2008.01.02"]
[EventType "swiss"]
[EventRounds "7"]
[EventCountry "GRE"]
[SourceTitle "EXT 2010"]
[Source "ChessBase"]
[SourceDate "2010.11.25"]
[SourceVersion "1"]
[SourceVersionDate "2010.11.25"]
[SourceQuality "1"]

1. e4 c5 2. Nf3 e6 3. d4 cxd4 4. Nxd4 Nf6 5. Nc3 Nc6 6. Be3 Bb4 7. Bd3 Qa5 8. Nde2 d5 9. exd5 exd5 10. 0-0 Bxc3 11. bxc3 Be6 12. f3 0-0 13. Qe1 Rac8 14. Qg3 Ne7 15. Bg5 Qc5+ 16. Kh1 Kh8 17. Bxf6 gxf6 18. Qh4 f5 19. Qf6+ Kg8 20. f4 Ng6 21. Bxf5 Bxf5 22. Qxf5 Rfe8 23. Ng3 Qxc3 24. Qxd5 Qxc2 25. Qxb7 Rb8 26. Qd7 Re7 27. Qd6 Reb7 28. f5 Nh4 29. Qd5 Rb5 30. Qe4 Qxe4 31. Nxe4 Nxf5 32. a4 Re5 33. Nf6+ Kg7 34. Nd7 Rbe8 35. Nxe5 Rxe5 36. Rfd1 Ra5 37. Kg1 Ne3 38. Rd7 Nc4 39. Kf2 Kf6 40. Ke2 Ne5 41. Rd6+ Kg7 42. Rd4 Nc6 43. Rg4+ Kf6 44. Rc1 Ne5 45. Rb4 Nd7 46. Rc6+ Ke7 47. Re4+ Kf8 48. Rc8+ Kg7 49. Rc7 Nf6 50. Ree7 Rxa4 51. Rxf7+ Kg8 52. Rxf6 1-0